Microprocessor interfacing / (Record no. 156772)

MARC details
000 -LEADER
fixed length control field 00673nam a2200229 a 4500
008 - FIXED-LENGTH DATA ELEMENTS--GENERAL INFORMATION
fixed length control field
020 ## - INTERNATIONAL STANDARD BOOK NUMBER
International Standard Book Number 074870583X (pbk.)
049 ## - LOCAL HOLDINGS (OCLC)
Holding library MAIN
090 ## - LOCALLY ASSIGNED LC-TYPE CALL NUMBER (OCLC); LOCAL CALL NUMBER (RLIN)
Classification number (OCLC) (R) ; Classification number, CALL (RLIN) (NR) TK7895.M5
003 - CONTROL NUMBER IDENTIFIER
control field
005 - DATE AND TIME OF LATEST TRANSACTION
control field 20230123133918.0
040 ## - CATALOGING SOURCE
Transcribing agency NUST
100 1# - MAIN ENTRY--PERSONAL NAME
Personal name Dixey, Graham.
245 10 - TITLE STATEMENT
Title Microprocessor interfacing /
Statement of responsibility, etc. Graham Dixey.
260 ## - PUBLICATION, DISTRIBUTION, ETC.
Place of publication, distribution, etc. Cheltenham :
Name of publisher, distributor, etc. Thornes,
Date of publication, distribution, etc. 1991.
300 ## - PHYSICAL DESCRIPTION
Extent ix, 100 p. :
Other physical details ill. ;
Dimensions 26 cm.
504 ## - BIBLIOGRAPHY, ETC. NOTE
Bibliography, etc. note Includes bibliographical references : p. 99.
500 ## - GENERAL NOTE
General note Includes index.
653 0# - INDEX TERM--UNCONTROLLED
Uncontrolled term Microcomputers
-- Interfaces (Computers).
907 ## - LOCAL DATA ELEMENT G, LDG (RLIN)
a .b10007520
b 07-09-05
c 17-04-03
942 ## - ADDED ENTRY ELEMENTS (KOHA)
Koha item type Ordinary Loan Books
Call number prefix TK7895.M5
Holdings
Date last seen Total Checkouts Full call number Barcode Cost, replacement price Price effective from Koha item type Lost status Source of classification or shelving scheme Damaged status Not for loan Collection Withdrawn status Home library Current library Shelving location Date acquired Cost, normal purchase price
01/23/2023 2 TK7895.M5 DIX 92003018309 80.00 01/23/2023 BOOKS   LCC     NFIC   MAIN MAIN GEN 01/23/2023 80.00